Loksabha, Rajya Sabha, Vidhan Sabha seats: 🇮🇳 - Statistics

General Stats
  • This quiz has been taken 16 times
  • The average score is 17 of 36
Answer Stats
Lok Sabha Rajya Sabha Legislative Assembly Legislative Council Answer % Correct
80 31 403 100 Uttar Pradesh
89%
40 16 243 75 Bihar
78%
29 11 230 Madhya Pradesh
78%
25 10 200 Rajasthan
78%
25 11 175 58 Andhra Pradesh
67%
7 3 70 Delhi
67%
2 1 40 Goa
67%
28 12 224 75 Karnataka
67%
20 9 140 Kerala
67%
48 19 288 66 Maharashtra
67%
39 18 234 Tamil Nadu
67%
42 16 294 West Bengal
67%
14 7 126 Assam
56%
10 5 90 Haryana
56%
21 10 147 Odisha
56%
1 1 32 Sikkim
56%
17 7 119 40 Telangana
56%
26 11 182 Gujarat
44%
13 7 117 Punjab
44%
2 1 60 Tripura
44%
1 Andaman & Nicobar Islands
33%
2 1 60 Arunachal Pradesh
33%
14 6 81 Jharkhand
33%
1 Lakshadweep
33%
2 1 60 Manipur
33%
1 1 40 Mizoram
33%
5 3 70 Uttarakhand
33%
1 Chandigarh
22%
2 Dadra & Nagar Haveli and Daman and Diu
22%
4 3 68 Himachal Pradesh
22%
5 4 95 Jammu and Kashmir
22%
1 Ladakh
22%
1 1 33 Puducherry
22%
11 5 90 Chhattisgarh
11%
2 1 60 Meghalaya
11%
1 1 60 Nagaland
11%
No matching quizzes found
Score Distribution
Percent of People with Each Score
Percentile by Number Answered
Your Score History
You have not taken this quiz